00446nam a2200145Ia 4500008004100000020001500041041000800056082001700064100002000081245011700101250000600218260004400224300001200268650002000280210716s2006 xx 000 0 und d a8131405508 aeng a658.802 PANT aPanda, Tapan K. aContemporary marketing: changing face of marketing in 21st century.bChanging face of marketing in 21st century. a1 aHyderabadbICFAI University Pressc2006 axxv,236 aRural Marketing